00315nam a2200097Ia 4500082001500000245007700015100005800092942000700150008004100157999001900198 a248.4 MEYE 0aNever give up! : relentless determination to overcome life's challenges  a Meyer, Joyce New York, 2008 1st ed 926605 cBK210817s9999 xx 000 0 und d c425629d425628